El postoperatorio en la cirugía abdominal / (Record no. 55685)

MARC details
000 -LEADER
campo de control de longitud fija 00756nam a2200217 i 4500
001 - NÚMERO DE CONTROL
campo de control 55685
003 - IDENTIFICADOR DE NÚMERO DE CONTROL
campo de control ES-MaACL
005 - FECHA Y HORA DE LA ÚLTIMA TRANSACCIÓN
campo de control 20260301184634.0
007 - CAMPO FIJO DE DESCRIPCIÓN FÍSICA--INFORMACIÓN GENERAL
campo de control de longitud fija t|
008 - DATOS DE LONGITUD FIJA--INFORMACIÓN GENERAL
campo de control de longitud fija 030925s1973 sp ||||1| spa d
100 1# - ENTRADA PRINCIPAL--NOMBRE DE PERSONA
Nombre de persona Détrie, Philipe.
9 (RLIN) 43968
245 13 - MENCIÓN DEL TÍTULO
Título El postoperatorio en la cirugía abdominal /
Mención de responsabilidad, etc. por Philippe Détrie ; versión Agustín de la Fuente Perucho ; prólogo A. de la Fuente Chaos.
250 ## - MENCION DE EDICION
Mención de edición [1ª ed.].
260 ## - PUBLICACIÓN, DISTRIBUCIÓN, ETC.
Lugar de publicación, distribución, etc. Barcelona :
Nombre del editor, distribuidor, etc. Toray Masson,
Fecha de publicación, distribución, etc. [1973]
300 ## - DESCRIPCIÓN FÍSICA
Extensión XVI, 622 p. :
Otras características físicas il. ;
Dimensiones 25 cm.
650 #4 - PUNTO DE ACCESO ADICIONAL DE MATERIA--TÉRMINO DE MATERIA
Término de materia o nombre geográfico como elemento de entrada Abdomen-
Subdivisión general Cirugía.
9 (RLIN) 146902
700 1# - ENTRADA AGREGADA--NOMBRE PERSONAL
Nombre de persona Fuente Perucho, Agustín de la.
9 (RLIN) 52875
700 1# - ENTRADA AGREGADA--NOMBRE PERSONAL
Nombre de persona Fuente Chaos, Alfonso de la,
Fechas asociadas al nombre 1908-1988
9 (RLIN) 52864
852 ## - LOCALIZACIÓN
Ubicación ES-MaACL
Número de control de estantería C-54712
Sublocalización o colección R.87285
Holdings
Estatus retirado Estado de pérdida Estado de daño No para préstamo Biblioteca de origen Biblioteca actual Ubicación en estantería Fecha de adquisición Fuente de adquisición Total de préstamos Signatura topográfica completa Código de barras Visto por última vez Precio de reemplazo Tipo de ítem Koha
        Biblioteca del Ateneo de Madrid Biblioteca del Ateneo de Madrid Depósito 2 17/01/2008     C-54712 1058498 23/02/2023 23/02/2023 Libro impreso